In the garden with Dr. Carver / (Record no. 5129)
[ view plain ]
| 000 -LEADER | |
|---|---|
| fixed length control field | 00975nam a22002657a 4500 |
| 001 - CONTROL NUMBER | |
| control field | 5129 |
| 003 - CONTROL NUMBER IDENTIFIER | |
| control field | FISKH |
| 005 - DATE AND TIME OF LATEST TRANSACTION | |
| control field | 20250828145024.0 |
| 008 - FIXED-LENGTH DATA ELEMENTS--GENERAL INFORMATION | |
| fixed length control field | 241107b cb ||||| |||| 00| 0 eng d |
| 020 ## - INTERNATIONAL STANDARD BOOK NUMBER | |
| International Standard Book Number | 9780545522687 |
| 040 ## - CATALOGING SOURCE | |
| Original cataloging agency | FISKH |
| Language of cataloging | eng |
| Transcribing agency | FISKH |
| Modifying agency | FISKH |
| 050 ## - LIBRARY OF CONGRESS CALL NUMBER | |
| Classification number | PZ7.G88418 |
| 082 ## - DEWEY DECIMAL CLASSIFICATION NUMBER | |
| Classification number | 372.8 |
| 100 ## - MAIN ENTRY--PERSONAL NAME | |
| Personal name | Grigsby, Susan |
| Dates associated with a name | (1978-2019) |
| 245 ## - TITLE STATEMENT | |
| Title | In the garden with Dr. Carver / |
| Statement of responsibility, etc. | Susan Grigsby Pictures by Nicole Tadgell |
| 250 ## - EDITION STATEMENT | |
| Edition statement | Published in 2010 |
| 260 ## - PUBLICATION, DISTRIBUTION, ETC. | |
| Place of publication, distribution, etc. | New York : |
| Name of publisher, distributor, etc. | Scholastic, |
| Date of publication, distribution, etc. | 2010. |
| 300 ## - PHYSICAL DESCRIPTION | |
| Extent | 31 pages : |
| Other physical details | Color illustrations ; |
| Dimensions | 22 cm |
| 520 ## - SUMMARY, ETC. | |
| Summary, etc. | A fictionalized account of how plant scientist George Washington Carver came to an Alabama school and taught the children how to grow plants and reap the rewards of nature's bounty. Includes factual note about George Washington Carver. |
| 650 ## - SUBJECT ADDED ENTRY--TOPICAL TERM | |
| Source of heading or term | Biography |
| Topical term or geographic name entry element | Plants |
| 650 ## - SUBJECT ADDED ENTRY--TOPICAL TERM | |
| Source of heading or term | Science |
| Topical term or geographic name entry element | Gardens |
| 700 ## - ADDED ENTRY--PERSONAL NAME | |
| Personal name | Tadgell, Nicole |
| Dates associated with a name | Illustrator |
| 942 ## - ADDED ENTRY ELEMENTS (KOHA) | |
| Source of classification or shelving scheme | Dewey Decimal Classification |
| Koha item type | Books |
| Suppress in OPAC | No |
| Withdrawn status | Lost status | Source of classification or shelving scheme | Damaged status | Not for loan | Collection | Home library | Current library | Shelving location | Date acquired | Total Checkouts | Full call number | Barcode | Date last seen | Copy number | Price effective from | Koha item type | Date last checked out |
|---|---|---|---|---|---|---|---|---|---|---|---|---|---|---|---|---|---|
| Dewey Decimal Classification | Fiction | Footprints International School Library Network Toul Kork Campus | Footprints International School Library Network Toul Kork Campus | A TK Campus, 4th Floor, Room B401, Fiction Bookcases (1-6) | 11/07/2024 | GRI 372.8 PZ7.G88418 | FISTK02282 | 11/07/2024 | 1 | 11/07/2024 | Books | ||||||
| Dewey Decimal Classification | Fiction | Footprints International School Library Network Toul Tom Poung Campus | Footprints International School Library Network Toul Tom Poung Campus | TTP Secondary Fiction Bookshelves | 06/09/2025 | 1 | GRI 372.8 PZ7.G88418 | 2025-1564 | 02/13/2026 | 2 | 06/09/2025 | Books | 01/28/2026 | ||||
| Dewey Decimal Classification | Fiction | Footprints International School Library Network Toul Tom Poung Campus | Footprints International School Library Network Toul Tom Poung Campus | TTP Secondary Fiction Bookshelves | 08/28/2025 | GRI 372.8 PZ7.G88418 | FIS02314 | 08/28/2025 | 3 | 08/28/2025 | Books |
